Slavery and Resistance in Africa and Asia : (Record no. 617159)

MARC details
000 -LEADER
fixed length control field 00514nam a2200193 a 4500
008 - FIXED-LENGTH DATA ELEMENTS--GENERAL INFORMATION
fixed length control field 260307s2005##################000#0#eng##
020 ## - INTERNATIONAL STANDARD BOOK NUMBER
ISBN 9780415360104
082 04 - DEWEY DECIMAL CLASSIFICATION NUMBER
Classification number 326.095
Item number ALP
100 1# - MAIN ENTRY--AUTHOR NAME
Personal name Alpers, Edward A.,
245 10 - TITLE STATEMENT
Title Slavery and Resistance in Africa and Asia :
260 ## - PUBLICATION, DISTRIBUTION, ETC. (IMPRINT)
Name of publisher Psychology Press,
Year of publication 2005.
300 ## - PHYSICAL DESCRIPTION
Number of Pages 143 pages
650 #0 - SUBJECT ADDED ENTRY--TOPICAL TERM
Topical Term History.
942 ## - ADDED ENTRY ELEMENTS (KOHA)
Koha item type English Books
Holdings
Withdrawn status Lost status Damaged status Not for loan Home library Current library Shelving location Date acquired Full call number Accession Number Price effective from Koha item type
        Anna Centenary Library Anna Centenary Library 3RD FLOOR, B WING 07.03.2026 326.095 ALP 147815 07.03.2026 English Books

Find us on the map